Tarzanov návrat /

Uložené v:
Podrobná bibliografia
Hlavný autor: Burroughs, Edgar Rice (Author)
Médium: Kniha
Jazyk:Slovak
English
Vydané: Bratislava : Mladé letá, 1991.
Vydanie:2. vyd.
ISBN: 8006003548 (brož.)
Fyzický popis: 246 s.
Tagy: Pridať tag
Žiadne tagy, Buďte prvý kto otaguje tento záznam!

MARC

LEADER 00000nam a2200000 a 4500
001 000214321
005 20120418100135.0
008 060420s1991 xo e 000 0 sloo
020 |a 8006003548 (brož.) 
040 |a SVKKK  |b slo  |c SVKKK  |e AACR2 
041 1 |a slo  |h eng 
044 |a xo  |c SK 
100 1 |a Burroughs, Edgar Rice  |4 aut 
245 1 0 |a Tarzanov návrat /  |c Edgar Rice Burroughs. 
250 |a 2. vyd. 
260 |a Bratislava :  |b Mladé letá,  |c 1991. 
300 |a 246 s. 
500 |a Preklad z angl. 
910 |a svkkk 
919 |a 80-06-00354-8 
998 |a BK 
090 |g SCKHL  |k Sklad Pribinova 2. posch.  |a II.341344  |j 828125  |i 214321-10  |s Nezvestná 1